Les marques les plus connues dans chaque pays - Statistiques

Statistiques générales
  • Ce quiz a été pris 78 fois
  • Le résultat moyen est 4 sur 30
Statistiques - réponses
Pays Marques % Correct
Corée du Sud Samsung
64%
États-Unis Coca-Cola
45%
Italie Ferrari
45%
Suède IKEA
39%
Japon Toyota
39%
France Dior
35%
Suisse Rolex
32%
Allemagne Volkswagen
32%
Espagne Zara
25%
Chine Huawei
22%
Finlande Nokia
14%
Inde Tata
10%
Russie Gazprom
7%
Danemark LEGO
7%
Autriche Red Bull
7%
Royaume-Uni Rolls-Royce
7%
Pays-Bas Heineken
3%
Mexique Corona
1%
Australie Qantas
1%
Turquie Turkish Airlines
1%
Pologne CD Projekt Red
0%
Égypte Cleopatra
0%
Norvège Equinor
0%
Belgique Godiva
0%
Brésil Havaianas
0%
Indonésie Indomie
0%
Afrique du Sud Nando's
0%
Canada Tim Hortons
0%
Vietnam VinFast
0%
Argentine YPF
0%
Aucun quiz correspondant
Distribution des résultats
% des personnes avec chaque résultat
Percentile par nombre de réponses
Votre historique - résultats
Vous n’avez pas pris ce quiz